Práva a povinnosti poistencov a platiteľov poistného na povinné verejné zdravotné poistenie
Princíp povinného verejného zdravotného poistenia. Zásady povinného verejného zdravotného poistenia v Európskej únii. Práva poistenca. Povinnosti poistenca. Povinnosti zamestnávateľa, SZČO a samoplatiteľa. Platenie preddavkov a ich splatnosť. Povinnosti zdravotnej poisťovne.
Salvato in:
| Autore principale: | |
|---|---|
| Natura: | Capitolo di libro |
| Lingua: | slovacco |
| Soggetti: | |
| Tags: |
Nessun Tag, puoi essere il primo ad aggiungerne!!
|
MARC
| LEADER | 00000naa$a2200000$$$4500 | ||
|---|---|---|---|
| 001 | 0096023 | ||
| 005 | 20231109100122.7 | ||
| 041 | 0 | |a slo | |
| 044 | |a SK | ||
| 245 | 1 | 0 | |a Práva a povinnosti poistencov a platiteľov poistného na povinné verejné zdravotné poistenie |c Jolana Strýčková |
| 520 | |a Princíp povinného verejného zdravotného poistenia. Zásady povinného verejného zdravotného poistenia v Európskej únii. Práva poistenca. Povinnosti poistenca. Povinnosti zamestnávateľa, SZČO a samoplatiteľa. Platenie preddavkov a ich splatnosť. Povinnosti zdravotnej poisťovne. | ||
| 610 | 2 | 0 | |a poistenie zdravotné |
| 610 | 2 | 0 | |a poisťovne zdravotné |
| 610 | 2 | 0 | |a poistenci |
| 610 | 2 | 0 | |a preddavky |
| 610 | 2 | 0 | |a poistné |
| 610 | 2 | 0 | |a zamestnanci |
| 610 | 2 | 0 | |a zamestnávatelia |
| 610 | 2 | 0 | |a živnostníci |
| 100 | 1 | |a Strýčková, Jolana | |